00530nam a2200205Ia 4500003000900000005001700009008004100026040001300067040001300080041000800093100001700101245010900118250001100227260001300238260000900251300001100260300001200271490003500283490000600318IT-RoPAU20220918175845.0120407s9999 xx 000 0 und d aIT-RoPAU cIT-RoPAU aita aTertullianus aLes spectacles. (de spectaculis). Intr., texte, trad. et commentaire de Marie Turcan (latino - francese) aParis  aDu Cerf  c1986 a367 p. c19,5 cm a (Sources Chrè€tiennes, 332). v1